[Event "Ljubljana-chT 75th"]
[Site "Ljubljana"]
[Date "2023.03.16"]
[Round "8.2"]
[White "Benko, Bostjan"]
[Black "Skok, Joze"]
[Result "1/2-1/2"]
[WhiteElo "1879"]
[BlackElo "1940"]
[PlyCount "38"]
[EventDate "2023.01.12"]
[EventType "team-swiss"]
[EventRounds "9"]
[EventCountry "SLO"]
[SourceTitle "EXT 2024"]
[Source "ChessBase"]
[SourceDate "2023.10.10"]
[SourceVersion "1"]
[SourceVersionDate "2023.10.10"]
[SourceQuality "1"]
[WhiteTeam "Zagorje ob Savi"]
[BlackTeam "Domzale SD"]
[WhiteTeamCountry "SLO"]
[BlackTeamCountry "SLO"]

1. e4 c6 2. Nc3 d5 3. Qf3 d4 4. Bc4 e6 5. Nce2 Nf6 6. d3 Nbd7 7. Qg3 e5 8. Bd2 g6 9. f4 Bh6 10. Nf3 exf4 11. Qh4 Bg7 12. e5 Nd5 13. Qxd8+ Kxd8 14. Bxd5 cxd5 15. Bxf4 Re8 16. Kd2 Nxe5 17. Nxe5 Bxe5 18. Bxe5 Rxe5 19. Nxd4 Bd7 1/2-1/2

[Event "Ljubljana-chT 75th"]
[Site "Ljubljana"]
[Date "2023.01.12"]
[Round "1.2"]
[White "Skok, Joze"]
[Black "Kampus, Andrej"]
[Result "0-1"]
[WhiteElo "1940"]
[BlackElo "1644"]
[PlyCount "108"]
[EventDate "2023.01.12"]
[EventType "team-swiss"]
[EventRounds "9"]
[EventCountry "SLO"]
[SourceTitle "EXT 2024"]
[Source "ChessBase"]
[SourceDate "2023.10.10"]
[SourceVersion "1"]
[SourceVersionDate "2023.10.10"]
[SourceQuality "1"]
[WhiteTeam "Domzale SD"]
[BlackTeam "Dol"]
[WhiteTeamCountry "SLO"]
[BlackTeamCountry "SLO"]

1. e4 d5 2. exd5 Nf6 3. d4 Bg4 4. Nf3 Qxd5 5. Be2 Nc6 6. Be3 0-0-0 7. h3 Bxf3 8. Bxf3 Qd7 9. c3 e5 10. Qa4 Nd5 11. 0-0 Nb6 12. Bxc6 Nxa4 13. Bxd7+ Rxd7 14. b3 Nxc3 15. dxe5 Nd5 16. Bd2 Bc5 17. Nc3 Bd4 18. Rac1 Bxe5 19. Rfe1 Bf4 20. Bxf4 Nxf4 21. Re4 Ne6 22. Rc4 Rhd8 23. Kf1 a6 24. Ne4 Rd1+ 25. Ke2 Rxc1 26. Rxc1 b6 27. g3 Kb7 28. Ke3 c5 29. f4 f5 30. Nd2 Re8 31. Kd3 Nd4 32. Rf1 g6 33. Rf2 Re1 34. Nf3 Nxf3 35. Rxf3 Kc6 36. Kd2 Re4 37. Kd3 Kd5 38. Kc3 b5 39. a3 c4 40. b4 Re7 41. g4 Re4 42. g5 Re7 43. h4 Re4 44. h5 gxh5 45. Rh3 Rxf4 46. Rxh5 Rf3+ 47. Kb2 Rg3 48. Rxh7 Rxg5 49. Rh6 f4 50. Rxa6 Rf5 51. Rh6 f3 52. Rh1 f2 53. Rf1 Kd4 54. Kc2 Ke3 0-1

[Event "Ljubljana-chT 74th"]
[Site "Ljubljana"]
[Date "2022.03.17"]
[Round "9.3"]
[White "Lanjscek, Miha"]
[Black "Skok, Joze"]
[Result "1-0"]
[WhiteElo "1769"]
[BlackElo "1943"]
[PlyCount "69"]
[EventDate "2022.01.13"]
[EventType "team-swiss"]
[EventRounds "9"]
[EventCountry "SLO"]
[SourceTitle "EXT 2024"]
[Source "ChessBase"]
[SourceDate "2023.10.10"]
[SourceVersion "1"]
[SourceVersionDate "2023.10.10"]
[SourceQuality "1"]
[WhiteTeam "Trzin Pecos Pub"]
[BlackTeam "Domzale SD"]
[WhiteTeamCountry "SLO"]
[BlackTeamCountry "SLO"]

1. d4 Nf6 2. c4 g6 3. Nc3 d5 4. cxd5 Nxd5 5. Qb3 c6 6. e4 Nxc3 7. bxc3 Bg7 8. h4 h6 9. h5 g5 10. f4 Qc7 11. Bc4 0-0 12. Ne2 b5 13. Bd3 Bg4 14. fxg5 Bxe2 15. Bxe2 hxg5 16. h6 Bh8 17. Rh3 Kh7 18. e5 f5 19. exf6 Bxf6 20. Bd3+ Kh8 21. Qe6 Qd7 22. Qe4 e5 23. Ba3 Re8 24. 0-0-0 exd4 25. Qg6 Be5 26. Bf5 Rg8 27. Qxg8+ Kxg8 28. Bxd7 Nxd7 29. cxd4 Bf4+ 30. Kc2 Nb6 31. g3 Be3 32. h7+ Kg7 33. Rdh1 Kh8 34. Kd3 Rd8 35. Be7 1-0

[Event "Ljubljana-chT 74th"]
[Site "Ljubljana"]
[Date "2022.02.10"]
[Round "5.2"]
[White "Skok, Joze"]
[Black "Sedlar, Tomo"]
[Result "1-0"]
[WhiteElo "1943"]
[BlackElo "1842"]
[PlyCount "68"]
[EventDate "2022.01.13"]
[EventType "team-swiss"]
[EventRounds "9"]
[EventCountry "SLO"]
[SourceTitle "EXT 2024"]
[Source "ChessBase"]
[SourceDate "2023.10.10"]
[SourceVersion "1"]
[SourceVersionDate "2023.10.10"]
[SourceQuality "1"]
[WhiteTeam "Domzale SD"]
[BlackTeam "Menges Trzin"]
[WhiteTeamCountry "SLO"]
[BlackTeamCountry "SLO"]

1. e4 e5 2. Nf3 Nc6 3. Bb5 Bc5 4. c3 Nge7 5. 0-0 0-0 6. d4 exd4 7. cxd4 Bb6 8. d5 Na5 9. d6 Ng6 10. Nc3 Nc6 11. Re1 f6 12. a4 a6 13. Bc4+ Kh8 14. Nd5 cxd6 15. Nxb6 Qxb6 16. Qxd6 Qb4 17. Qxb4 Nxb4 18. Re2 d6 19. h3 Ne5 20. Nxe5 dxe5 21. Be3 Rd8 22. Bc5 Nc6 23. Bd5 Bd7 24. Rd2 Be8 25. Rad1 g6 26. b4 Rab8 27. b5 axb5 28. axb5 Nd4 29. Be7 Kg7 30. Bxd8 Rxd8 31. b6 Rxd5 32. exd5 Bf7 33. d6 Be8 34. Rc1 Bc6 1-0

[Event "Ljubljana-chT 74th"]
[Site "Ljubljana"]
[Date "2022.02.03"]
[Round "4.2"]
[White "Tansek, Branko"]
[Black "Skok, Joze"]
[Result "0-1"]
[WhiteElo "1520"]
[BlackElo "1943"]
[PlyCount "78"]
[EventDate "2022.01.13"]
[EventType "team-swiss"]
[EventRounds "9"]
[EventCountry "SLO"]
[SourceTitle "EXT 2024"]
[Source "ChessBase"]
[SourceDate "2023.10.10"]
[SourceVersion "1"]
[SourceVersionDate "2023.10.10"]
[SourceQuality "1"]
[WhiteTeam "Ljubljana SK"]
[BlackTeam "Domzale SD"]
[WhiteTeamCountry "SLO"]
[BlackTeamCountry "SLO"]

1. Nf3 Nf6 2. c4 g6 3. d4 d5 4. e3 Bg7 5. Nc3 0-0 6. b3 c5 7. Nxd5 Nxd5 8. cxd5 Qxd5 9. Bc4 Qd8 10. Bb2 Nc6 11. 0-0 Bg4 12. h3 Bxf3 13. Qxf3 cxd4 14. Rad1 e5 15. Bd5 Rc8 16. Ba3 Ne7 17. Bxb7 Rc2 18. Bxe7 Qxe7 19. a4 Re8 20. Qe4 Rc7 21. Bd5 Kh8 22. exd4 exd4 23. Qxe7 Rexe7 24. Bc4 Be5 25. Rfe1 Kg7 26. Rd3 f5 27. Kf1 Kf6 28. f3 Bg3 29. Rxe7 Rxe7 30. Rd1 Re3 31. Bd3 a5 32. Bc4 Ke5 33. Bd3 Kd5 34. Bc4+ Kc5 35. Rc1 Kb4 36. Rd1 Kc3 37. Rc1+ Kd2 38. Rb1 d3 39. Ra1 Kc2 0-1

[Event "SLO-chT Central 22nd"]
[Site "Slovenia"]
[Date "2021.10.22"]
[Round "6.3"]
[White "Rojs, Igor"]
[Black "Skok, Joze"]
[Result "1/2-1/2"]
[WhiteElo "1943"]
[BlackElo "1961"]
[PlyCount "38"]
[EventDate "2021.09.16"]
[EventType "team-tourn"]
[EventRounds "7"]
[EventCountry "SLO"]
[SourceTitle "EXT 2024"]
[Source "ChessBase"]
[SourceDate "2023.10.10"]
[SourceVersion "1"]
[SourceVersionDate "2023.10.10"]
[SourceQuality "1"]
[WhiteTeam "Trzin Buscotrade"]
[BlackTeam "Domzale SD"]
[WhiteTeamCountry "SLO"]
[BlackTeamCountry "SLO"]

1. d4 Nf6 2. Nf3 g6 3. g3 Bg7 4. Bg2 0-0 5. 0-0 d5 6. Re1 Bf5 7. Bf4 Nbd7 8. Nbd2 c5 9. c3 Qb6 10. Qb3 Qxb3 11. Nxb3 b6 12. Ne5 Rac8 13. Nxd7 Bxd7 14. Be5 c4 15. Nd2 e6 16. e4 Nxe4 17. Bxg7 Kxg7 18. Nxe4 dxe4 19. Bxe4 Bc6 1/2-1/2

[Event "SLO-chT NML 31st"]
[Site "Ptuj/Grosuplje"]
[Date "2021.10.17"]
[Round "6.4"]
[White "Osmanbegovic, Suad"]
[Black "Skok, Joze"]
[Result "1-0"]
[WhiteElo "2301"]
[BlackElo "1961"]
[PlyCount "93"]
[EventDate "2021.10.08"]
[EventType "team-tourn"]
[EventRounds "9"]
[EventCountry "SLO"]
[SourceTitle "EXT 2023"]
[Source "ChessBase"]
[SourceDate "2022.10.05"]
[SourceVersion "1"]
[SourceVersionDate "2022.10.05"]
[SourceQuality "1"]
[WhiteTeam "Maribor Branik"]
[BlackTeam "Domzale"]
[WhiteTeamCountry "SLO"]
[BlackTeamCountry "SLO"]

1. c4 Nf6 2. g3 g6 3. Bg2 d5 4. cxd5 Nxd5 5. Nc3 Nxc3 6. bxc3 Bg7 7. Rb1 Nd7 8. Nf3 c5 9. 0-0 0-0 10. d4 Qa5 11. Qb3 Nb6 12. Qa3 Qxa3 13. Bxa3 cxd4 14. cxd4 Nc4 15. Bxe7 Re8 16. Bc5 Rxe2 17. Rbe1 Rxe1 18. Rxe1 Bg4 19. Ng5 Rd8 20. Bxa7 h6 21. h3 hxg5 22. hxg4 Bxd4 23. Bxd4 Rxd4 24. Bxb7 Rxg4 25. Re4 Rxe4 26. Bxe4 Kf8 27. Bd5 Na3 28. Kf1 f5 29. Ke2 Ke7 30. Kd3 Nb5 31. a4 Nc7 32. Kd4 g4 33. Ke5 Na6 34. a5 Nc5 35. Bc4 Nd7+ 36. Kd5 g5 37. Bd3 f4 38. a6 Kd8 39. Kd6 fxg3 40. fxg3 Nb6 41. Bf5 Na8 42. a7 Nc7 43. Kc6 Na8 44. Kb7 Nc7 45. Bxg4 Na8 46. Kxa8 Kc7 47. Bh3 1-0

[Event "SLO-chT Central 22nd"]
[Site "Slovenia"]
[Date "2021.09.16"]
[Round "1.2"]
[White "Sedlar, Tomo"]
[Black "Skok, Joze"]
[Result "0-1"]
[WhiteElo "1860"]
[BlackElo "1961"]
[PlyCount "88"]
[EventDate "2021.09.16"]
[EventType "team-tourn"]
[EventRounds "7"]
[EventCountry "SLO"]
[SourceTitle "EXT 2024"]
[Source "ChessBase"]
[SourceDate "2023.10.10"]
[SourceVersion "1"]
[SourceVersionDate "2023.10.10"]
[SourceQuality "1"]
[WhiteTeam "Menges Trzin"]
[BlackTeam "Domzale SD"]
[WhiteTeamCountry "SLO"]
[BlackTeamCountry "SLO"]

1. d4 Nf6 2. c4 g6 3. Nc3 d5 4. Bf4 Bg7 5. e3 0-0 6. Nf3 c5 7. Qb3 cxd4 8. Nxd4 Nc6 9. cxd5 Nxd4 10. exd4 e6 11. Bc4 exd5 12. Nxd5 Nxd5 13. Bxd5 Bxd4 14. 0-0 Qf6 15. Bh6 Rd8 16. Rad1 Bg4 17. Rd2 Rd7 18. Be3 Be5 19. f3 Be6 20. Bxe6 Rxd2 21. Bxf7+ Qxf7 22. Qxf7+ Kxf7 23. Bxd2 Bxb2 24. Rb1 Bd4+ 25. Kf1 b6 26. Ke2 Ke6 27. Be3 Rd8 28. Bxd4 Rxd4 29. Rc1 Ra4 30. Rc2 Kd5 31. Kd2 b5 32. Rb2 a6 33. Kc2 Rc4+ 34. Kb1 b4 35. Re2 Rc7 36. Kb2 a5 37. Kb3 Rc3+ 38. Kb2 a4 39. Re7 a3+ 40. Kb1 h5 41. Rg7 Rc6 42. Re7 Kc4 43. Re4+ Kc3 44. Re3+ Kd2 0-1

[Event "Ljubljana-chT 73rd"]
[Site "Ljubljana"]
[Date "2020.03.05"]
[Round "6.3"]
[White "Skok, Joze"]
[Black "Juhant, Igor"]
[Result "1-0"]
[WhiteElo "1944"]
[BlackElo "2007"]
[PlyCount "127"]
[EventDate "2020.01.16"]
[EventType "team-swiss"]
[EventRounds "6"]
[EventCountry "SLO"]
[SourceTitle "EXT 2024"]
[Source "ChessBase"]
[SourceDate "2023.10.10"]
[SourceVersion "1"]
[SourceVersionDate "2023.10.10"]
[SourceQuality "1"]
[WhiteTeam "Domzale Tajfun"]
[BlackTeam "Komenda Popotnik"]
[WhiteTeamCountry "SLO"]
[BlackTeamCountry "SLO"]

1. e4 c6 2. d4 d5 3. exd5 cxd5 4. c4 e6 5. Nc3 Nf6 6. Nf3 Nc6 7. Be2 Be7 8. 0-0 0-0 9. h3 a6 10. a4 b6 11. Bg5 dxc4 12. Bxc4 Na5 13. Ba2 Bb7 14. Ne5 Rc8 15. Qd3 Nc6 16. Nxc6 Rxc6 17. Rad1 Rd6 18. Rfe1 Nd5 19. Bxd5 Bxd5 20. Bxe7 Qxe7 21. Qxa6 Bb7 22. Qb5 Bc6 23. Qe5 Rfd8 24. d5 Bb7 25. Qe3 h6 26. dxe6 Rxe6 27. Rxd8+ Qxd8 28. Rd1 Qe7 29. Qd2 Qc5 30. Qd4 Qc6 31. Qd5 Kf8 32. Qd8+ Qe8 33. Qxe8+ Kxe8 34. f3 Rg6 35. Kf2 Ke7 36. Nd5+ Ke8 37. b4 Rc6 38. Rd4 Rc2+ 39. Kg3 Bxd5 40. Rxd5 Ra2 41. Rb5 Rxa4 42. Rxb6 Ke7 43. Kf4 Ra2 44. g4 Re2 45. h4 Re1 46. h5 Re2 47. Kf5 Re3 48. f4 Re2 49. Rb7+ Ke8 50. Rb5 Rg2 51. Rb7 g6+ 52. hxg6 fxg6+ 53. Kxg6 Rxg4+ 54. Kf5 Rg1 55. Kf6 h5 56. Rb8+ Kd7 57. f5 Rb1 58. Kg5 Kc7 59. Re8 Rxb4 60. Kxh5 Kd7 61. Re1 Rb2 62. Kg6 Rg2+ 63. Kf7 Rf2 64. Rd1+ 1-0

[Event "Ljubljana-chT 73rd"]
[Site "Ljubljana"]
[Date "2020.02.27"]
[Round "5.3"]
[White "Rozic, Adrijan"]
[Black "Skok, Joze"]
[Result "1/2-1/2"]
[WhiteElo "2030"]
[BlackElo "1944"]
[PlyCount "74"]
[EventDate "2020.01.16"]
[EventType "team-swiss"]
[EventRounds "6"]
[EventCountry "SLO"]
[SourceTitle "EXT 2024"]
[Source "ChessBase"]
[SourceDate "2023.10.10"]
[SourceVersion "1"]
[SourceVersionDate "2023.10.10"]
[SourceQuality "1"]
[WhiteTeam "Ig"]
[BlackTeam "Domzale Tajfun"]
[WhiteTeamCountry "SLO"]
[BlackTeamCountry "SLO"]

1. d4 Nf6 2. Bg5 Ne4 3. Bh4 d5 4. Nd2 Bf5 5. f3 Nd6 6. e3 g6 7. Bd3 Qd7 8. Ne2 Qe6 9. Bf2 Bh6 10. f4 0-0 11. 0-0 Nc6 12. a3 a5 13. Nf3 f6 14. Ng3 Be4 15. b3 Kh8 16. Qe2 Rfd8 17. Rad1 Rab8 18. Nd2 f5 19. Nf3 Bxf3 20. Qxf3 Ne4 21. c4 Nxf2 22. Rxf2 Bg7 23. Ne2 Qd6 24. cxd5 Qxd5 25. Qxd5 Rxd5 26. Nc3 Rd6 27. Nb5 Rd7 28. Bc4 Nd8 29. a4 e5 30. fxe5 Bxe5 31. Rfd2 Bf6 32. Kf2 Kg7 33. Nc3 c6 34. Rd3 Nf7 35. e4 fxe4 36. Nxe4 Be7 37. Be6 Rdd8 1/2-1/2

[Event "Ljubljana-chT 73rd"]
[Site "Ljubljana"]
[Date "2020.02.13"]
[Round "4.3"]
[White "Skok, Joze"]
[Black "Vodnik, Val"]
[Result "1-0"]
[WhiteElo "1944"]
[BlackElo "1205"]
[PlyCount "79"]
[EventDate "2020.01.16"]
[EventType "team-swiss"]
[EventRounds "6"]
[EventCountry "SLO"]
[SourceTitle "EXT 2024"]
[Source "ChessBase"]
[SourceDate "2023.10.10"]
[SourceVersion "1"]
[SourceVersionDate "2023.10.10"]
[SourceQuality "1"]
[WhiteTeam "Domzale Tajfun"]
[BlackTeam "Vrhnika Mladi"]
[WhiteTeamCountry "SLO"]
[BlackTeamCountry "SLO"]

1. e4 e5 2. Nf3 Nc6 3. Bb5 Nf6 4. d4 exd4 5. e5 Nd5 6. 0-0 Bc5 7. c3 0-0 8. cxd4 Bb4 9. Qb3 Nce7 10. Bc4 c6 11. Bg5 Ba5 12. Bxd5 cxd5 13. Bxe7 Qxe7 14. Qxd5 Bc7 15. Nc3 d6 16. Nb5 dxe5 17. Nxc7 Qxc7 18. Qxe5 Qxe5 19. dxe5 Be6 20. Nd4 Rfe8 21. Rfd1 a6 22. b3 h6 23. Rac1 Bd5 24. f4 Rad8 25. Nf5 Bc6 26. Ne7+ Kf8 27. Nxc6 bxc6 28. Kf2 Ke7 29. Ke3 Rd7 30. f5 Kd8 31. Ke4 Kc7 32. g4 Rde7 33. Rc5 Kb7 34. Rd6 Rc8 35. b4 Rcc7 36. h4 Red7 37. Rcxc6 Rxd6 38. Rxd6 Rc4+ 39. Rd4 Rc7 40. e6 1-0

[Event "SLO-chT Central 20th"]
[Site "Slovenia"]
[Date "2019.10.10"]
[Round "5.2"]
[White "Jelen, Igor"]
[Black "Skok, Joze"]
[Result "1-0"]
[WhiteElo "2350"]
[BlackElo "1975"]
[PlyCount "83"]
[EventDate "2019.09.12"]
[EventType "team-tourn"]
[EventRounds "7"]
[EventCountry "SLO"]
[SourceTitle "EXT 2024"]
[Source "ChessBase"]
[SourceDate "2023.10.10"]
[SourceVersion "1"]
[SourceVersionDate "2023.10.10"]
[SourceQuality "1"]
[WhiteTeam "Ig"]
[BlackTeam "Bor Dob"]
[WhiteTeamCountry "SLO"]
[BlackTeamCountry "SLO"]

1. d4 Nf6 2. c4 g6 3. Nc3 d5 4. cxd5 Nxd5 5. e4 Nxc3 6. bxc3 Bg7 7. Nf3 0-0 8. Be2 c5 9. 0-0 cxd4 10. cxd4 Nc6 11. Be3 Bg4 12. d5 Bxf3 13. Bxf3 Ne5 14. Be2 Qa5 15. f4 Nd7 16. e5 Nb6 17. Bxb6 Qxb6+ 18. Kh1 Rfd8 19. Rb1 Qc5 20. Rb5 Qc7 21. Qb3 b6 22. Rb4 Rab8 23. Bf3 Qd7 24. Rc1 Rdc8 25. Rbc4 b5 26. Rc6 a5 27. Qc3 Rxc6 28. dxc6 Qc7 29. Rd1 b4 30. Qc2 Bf8 31. Rd7 Qb6 32. c7 Rc8 33. Qc6 Qe3 34. h3 Qc3 35. Kh2 Qe3 36. Rd8 Qxf4+ 37. Kh1 Qf5 38. Rxc8 Qxc8 39. Qb7 Qf5 40. c8Q Qxe5 41. Qbb8 Qe1+ 42. Kh2 1-0

[Event "Wch Seniors 65 28th"]
[Site "Bled"]
[Date "2018.11.18"]
[Round "1"]
[White "Skok, Joze"]
[Black "Rashkovsky, Nukhim N"]
[Result "0-1"]
[WhiteElo "2004"]
[BlackElo "2482"]
[PlyCount "70"]
[EventDate "2018.11.18"]
[EventType "swiss"]
[EventRounds "11"]
[EventCountry "SLO"]
[SourceTitle "CBM 187 Extra"]
[Source "ChessBase"]
[SourceDate "2018.11.04"]
[SourceVersion "1"]
[SourceVersionDate "2018.11.04"]
[SourceQuality "1"]

1. e4 c5 2. Nc3 a6 3. a4 Nc6 4. g3 g6 5. Bg2 Bg7 6. Nge2 e6 7. d3 Nge7 8. Be3 Nd4 9. Qd2 Nec6 10. 0-0 0-0 11. f4 d6 12. Nd1 Rb8 13. Rb1 b5 14. axb5 axb5 15. Kh1 b4 16. b3 Ra8 17. Nxd4 cxd4 18. Bf2 Ra2 19. Nb2 d5 20. Ra1 Ra3 21. Na4 Rxa1 22. Rxa1 dxe4 23. Bxe4 Qc7 24. Kg1 e5 25. fxe5 Nxe5 26. Kg2 Ng4 27. Rf1 h5 28. Bg1 Ne3+ 29. Bxe3 dxe3 30. Qe2 Bd4 31. h3 Be6 32. Rc1 Bxb3 33. Rb1 Qxc2 34. Qxc2 Bxc2 35. Rxb4 e2 0-1

[Event "SLO-chT1 West"]
[Site "Slovenia"]
[Date "2018.10.26"]
[Round "7.5"]
[White "Rozic, Adrijan"]
[Black "Skok, Joze"]
[Result "1-0"]
[WhiteElo "2040"]
[BlackElo "2002"]
[PlyCount "127"]
[EventDate "2018.09.28"]
[EventType "team-tourn"]
[EventRounds "9"]
[EventCountry "SLO"]
[SourceTitle "CBM 187 Extra"]
[Source "ChessBase"]
[SourceDate "2018.11.04"]
[SourceVersion "1"]
[SourceVersionDate "2018.11.04"]
[SourceQuality "1"]
[WhiteTeam "Ig"]
[BlackTeam "Domzale Tajfun"]
[WhiteTeamCountry "SLO"]
[BlackTeamCountry "SLO"]

1. d4 Nf6 2. Nf3 g6 3. Bg5 Ne4 4. Bh4 d5 5. Nbd2 Bf5 6. e3 Bg7 7. Be2 0-0 8. 0-0 c5 9. c3 cxd4 10. cxd4 Nxd2 11. Qxd2 Nc6 12. Rac1 Rc8 13. b4 Re8 14. b5 Na5 15. Rxc8 Bxc8 16. Rc1 Bd7 17. Qc3 Qb6 18. Qc7 Rc8 19. Qxc8+ Bxc8 20. Rxc8+ Bf8 21. Bxe7 Qe6 22. Rxf8+ Kg7 23. Bb4 Qf5 24. a3 Qb1+ 25. Bf1 f6 26. Rd8 Nc4 27. Rd7+ Kg8 28. Rxd5 Nb6 29. Rc5 h5 30. Nd2 Qd1 31. Ne4 f5 32. Nc3 Qa1 33. g3 Nd7 34. Rc8+ Kf7 35. Rc7 Ke8 36. Kg2 Nf6 37. Bc4 Ng4 38. Re7+ Kd8 39. h3 Nxf2 40. Kxf2 Qh1 41. Bf1 h4 42. gxh4 f4 43. exf4 Qh2+ 44. Kf3 Qg1 45. Re1 Qh1+ 46. Ke3 Qg1+ 47. Kf3 Qh1+ 48. Kf2 Qh2+ 49. Bg2 Qxf4+ 50. Kg1 Qxd4+ 51. Kh1 Qf2 52. Re2 Qf4 53. Re1 Qg3 54. Nd5 b6 55. Ne7 Qxh4 56. Nxg6 Qg3 57. Ne7 Kd7 58. Nc6 Qf4 59. Nxa7 Qg5 60. Bc6+ Kc7 61. Re7+ Kd8 62. Rd7+ Ke8 63. Rg7+ Kd8 64. Be7+ 1-0

[Event "SLO-chT Central 18th"]
[Site "Slovenia"]
[Date "2017.10.26"]
[Round "7.2"]
[White "Skok, Joze"]
[Black "Butala, Marjan"]
[Result "1/2-1/2"]
[WhiteElo "2012"]
[BlackElo "1986"]
[PlyCount "44"]
[EventDate "2017.09.14"]
[EventType "team-tourn"]
[EventRounds "7"]
[EventCountry "SLO"]
[SourceTitle "EXT 2019"]
[Source "ChessBase"]
[SourceDate "2018.10.10"]
[SourceVersion "1"]
[SourceVersionDate "2018.10.10"]
[SourceQuality "1"]
[WhiteTeam "Bor Dob"]
[BlackTeam "Visnja Gora Sticna"]
[WhiteTeamCountry "SLO"]
[BlackTeamCountry "SLO"]

1. e4 Nf6 2. e5 Nd5 3. c4 Nb6 4. d4 d6 5. exd6 exd6 6. Nf3 Be7 7. Bd3 Nc6 8. h3 Nb4 9. Be4 f5 10. Bd3 0-0 11. Be2 a5 12. Nc3 c5 13. 0-0 Be6 14. b3 Bf6 15. Be3 Qe7 16. Rc1 Rad8 17. a3 Na6 18. Re1 h6 19. Bd3 Qf7 20. Qc2 Be7 21. Qe2 Bf6 22. Qc2 Be7 1/2-1/2

[Event "SLO-chT Central 18th"]
[Site "Slovenia"]
[Date "2017.09.14"]
[Round "1.2"]
[White "Rijavec, Stane"]
[Black "Skok, Joze"]
[Result "1/2-1/2"]
[WhiteElo "1881"]
[BlackElo "2012"]
[PlyCount "25"]
[EventDate "2017.09.14"]
[EventType "team-tourn"]
[EventRounds "7"]
[EventCountry "SLO"]
[SourceTitle "EXT 2019"]
[Source "ChessBase"]
[SourceDate "2018.10.10"]
[SourceVersion "1"]
[SourceVersionDate "2018.10.10"]
[SourceQuality "1"]
[WhiteTeam "Trzin Buscotrade"]
[BlackTeam "Bor Dob"]
[WhiteTeamCountry "SLO"]
[BlackTeamCountry "SLO"]

1. Nf3 d5 2. d4 Nf6 3. Bf4 g6 4. e3 Bg7 5. c4 0-0 6. Nc3 c5 7. dxc5 Qa5 8. Nd2 dxc4 9. Bxc4 Qxc5 10. Qe2 Nc6 11. Nb3 Qb6 12. 0-0 e5 13. Bg5 1/2-1/2

[Event "Ljubljana-chT 70th"]
[Site "Ljubljana"]
[Date "2017.03.16"]
[Round "8.3"]
[White "Kocmur, Boris"]
[Black "Skok, Joze"]
[Result "0-1"]
[WhiteElo "1618"]
[BlackElo "2006"]
[PlyCount "92"]
[EventDate "2017.01.12"]
[EventType "team-tourn"]
[EventRounds "9"]
[EventCountry "SLO"]
[SourceTitle "EXT 2019"]
[Source "ChessBase"]
[SourceDate "2018.10.10"]
[SourceVersion "1"]
[SourceVersionDate "2018.10.10"]
[SourceQuality "1"]
[WhiteTeam "Visnja Gora Sticna"]
[BlackTeam "Domzale"]
[WhiteTeamCountry "SLO"]
[BlackTeamCountry "SLO"]

1. e4 e6 2. d4 d5 3. e5 c5 4. c3 Nc6 5. Nf3 Qb6 6. a4 a6 7. dxc5 Bxc5 8. Qc2 Qc7 9. b4 Nxb4 10. Qb2 Nc6 11. Bf4 Nge7 12. Bd3 Ng6 13. Bxg6 hxg6 14. 0-0 g5 15. Nxg5 Nxe5 16. Bg3 Bd6 17. Qe2 Qc4 18. Qc2 Qg4 19. Nh3 Qe4 20. Qxe4 dxe4 21. Rd1 Ke7 22. Na3 f6 23. Kf1 Bd7 24. Nf4 Rhc8 25. Ng6+ Nxg6 26. Bxd6+ Ke8 27. Rd4 Rxc3 28. Bb4 Rd3 29. Rxe4 Bxa4 30. Rxe6+ Kf7 31. Rae1 Rad8 32. g3 R8d7 33. f4 Bc6 34. R1e3 Rd1+ 35. Kf2 Ne5 36. R6xe5 fxe5 37. Rxe5 R1d5 38. Re3 a5 39. Bc3 Re7 40. Nc4 Rxe3 41. Kxe3 a4 42. g4 Rd1 43. h4 Rc1 44. Kd4 Rd1+ 45. Ke3 Bd7 46. Ke4 b5 0-1

[Event "Ljubljana-chT 70th"]
[Site "Ljubljana"]
[Date "2017.02.09"]
[Round "4.2"]
[White "Skok, Joze"]
[Black "Gasparac, Gregor"]
[Result "1/2-1/2"]
[WhiteElo "2006"]
[BlackElo "1921"]
[PlyCount "58"]
[EventDate "2017.01.12"]
[EventType "team-tourn"]
[EventRounds "9"]
[EventCountry "SLO"]
[SourceTitle "EXT 2019"]
[Source "ChessBase"]
[SourceDate "2018.10.10"]
[SourceVersion "1"]
[SourceVersionDate "2018.10.10"]
[SourceQuality "1"]
[WhiteTeam "Domzale"]
[BlackTeam "Kocevje"]
[WhiteTeamCountry "SLO"]
[BlackTeamCountry "SLO"]

1. e4 e6 2. d4 d5 3. Nd2 Nf6 4. e5 Nfd7 5. Bd3 c5 6. c3 Nc6 7. Ne2 cxd4 8. cxd4 f6 9. exf6 Nxf6 10. Nf3 Bd6 11. 0-0 Qc7 12. Nc3 a6 13. Re1 0-0 14. Bg5 Bd7 15. Bh4 Rae8 16. Bg3 Bxg3 17. hxg3 e5 18. dxe5 Nxe5 19. Rc1 Qd6 20. Be4 Bc6 21. Qd4 Nxe4 22. Nxe4 Nxf3+ 23. gxf3 Qe5 24. Qxe5 Rxe5 25. Nd2 Rfe8 26. Rxe5 Rxe5 27. Rc3 Re1+ 28. Kg2 Ra1 29. a3 Rd1 1/2-1/2

[Event "Nova Gorica op 22nd"]
[Site "Nova Gorica"]
[Date "2017.02.02"]
[Round "9"]
[White "Pregarac, Valter"]
[Black "Skok, Joze"]
[Result "1-0"]
[WhiteElo "2185"]
[BlackElo "2006"]
[PlyCount "139"]
[EventDate "2017.01.27"]
[EventType "swiss"]
[EventRounds "9"]
[EventCountry "SLO"]
[SourceTitle "CBM 176 Extra"]
[Source "ChessBase"]
[SourceDate "2017.03.02"]
[SourceVersion "1"]
[SourceVersionDate "2017.03.02"]
[SourceQuality "1"]

1. e4 c6 2. d4 d5 3. exd5 cxd5 4. c4 Nf6 5. Nc3 Nc6 6. Bg5 e6 7. c5 Be7 8. Bb5 Bd7 9. Nf3 0-0 10. 0-0 h6 11. Bf4 a6 12. Bxc6 Bxc6 13. b4 Ne4 14. Qc2 Nxc3 15. Qxc3 Bf6 16. a4 b6 17. Qb3 bxc5 18. bxc5 Qd7 19. Rfc1 Ra7 20. Qb6 Rfa8 21. Qa5 Rb7 22. h3 Kh7 23. Ra3 Bd8 24. Qd2 Bf6 25. a5 Rb5 26. Rb3 Rxb3 27. Qc2+ Rd3 28. Qxd3+ Kg8 29. Rb1 Bb5 30. Qc2 Rc8 31. Qd2 Kh7 32. Rb3 Rg8 33. Rc3 Rc8 34. Qc1 Qd8 35. Ra3 Qd7 36. Kh1 Qe8 37. Re3 Qd8 38. Qe1 Qd7 39. Be5 Bg5 40. Ra3 Qd8 41. Nh2 Be7 42. Bf4 Bf6 43. Qd2 Bg5 44. Bxg5 hxg5 45. Rg3 f6 46. f4 Qc7 47. Rg4 gxf4 48. Nf3 e5 49. dxe5 Qxc5 50. Kh2 fxe5 51. Nxe5 Qe7 52. Qxf4 Rf8 53. Rh4+ Kg8 54. Ng6 Rxf4 55. Nxe7+ Kf7 56. Rxf4+ Kxe7 57. Kg3 Ke6 58. Kf3 Ke5 59. Ke3 g5 60. Rd4 Bf1 61. Rg4 Kf5 62. Kf2 Bd3 63. Rb4 Ke5 64. g3 d4 65. h4 gxh4 66. gxh4 Bg6 67. Rb6 Bd3 68. h5 Bh7 69. Rxa6 d3 70. Ke3 1-0